Guía del campo de las flores de Europa / (Registro nro. 120837)
[ vista simple ]
| 000 -LEADER | |
|---|---|
| campo de control de longitud fija | 00721nam a2200205 4500 |
| 001 - NÚMERO DE CONTROL | |
| campo de control | 120837 |
| 003 - IDENTIFICADOR DE NÚMERO DE CONTROL | |
| campo de control | ES-MaACL |
| 007 - CAMPO FIJO DE DESCRIPCIÓN FÍSICA--INFORMACIÓN GENERAL | |
| campo de control de longitud fija | t| |
| 008 - DATOS DE LONGITUD FIJA--INFORMACIÓN GENERAL | |
| campo de control de longitud fija | 070214s1977 sp r ||||1| spa d |
| 100 1# - ENTRADA PRINCIPAL--NOMBRE DE PERSONA | |
| Nombre de persona | Polunin, Oleg. |
| 9 (RLIN) | 92891 |
| 245 10 - MENCIÓN DEL TÍTULO | |
| Título | Guía del campo de las flores de Europa / |
| Mención de responsabilidad, etc. | Oleg Polunin ; dibujos de Barbara Everard ; traducción y adaptación por Javier Fernández Casas ; revisado por José Fortes Fortes. |
| 250 ## - MENCION DE EDICION | |
| Mención de edición | 2ª. ed. |
| 260 ## - PUBLICACIÓN, DISTRIBUCIÓN, ETC. | |
| Lugar de publicación, distribución, etc. | Barcelona : |
| Nombre del editor, distribuidor, etc. | Omega, |
| Fecha de publicación, distribución, etc. | 1977. |
| 300 ## - DESCRIPCIÓN FÍSICA | |
| Extensión | 796 p., 192 lám. ; |
| Dimensiones | 23 cm. |
| 700 1# - ENTRADA AGREGADA--NOMBRE PERSONAL | |
| Nombre de persona | Everard, Barbara. |
| 9 (RLIN) | 48389 |
| 700 1# - ENTRADA AGREGADA--NOMBRE PERSONAL | |
| Nombre de persona | Fernández Casas, Javier |
| 9 (RLIN) | 49563 |
| 700 1# - ENTRADA AGREGADA--NOMBRE PERSONAL | |
| Nombre de persona | Fortes Fortes, José. |
| 9 (RLIN) | 51849 |
| 852 ## - LOCALIZACIÓN | |
| Ubicación | ES-MaACL |
| Número de control de estantería | L-7627 |
| Sublocalización o colección | R.107492 |
| Estatus retirado | Estado de pérdida | Estado de daño | No para préstamo | Biblioteca de origen | Biblioteca actual | Ubicación en estantería | Fecha de adquisición | Fuente de adquisición | Total de préstamos | Signatura topográfica completa | Código de barras | Visto por última vez | Precio de reemplazo | Tipo de ítem Koha |
|---|---|---|---|---|---|---|---|---|---|---|---|---|---|---|
| Biblioteca del Ateneo de Madrid | Biblioteca del Ateneo de Madrid | Depósito 2 | 17/01/2008 | L-7627 | 1125945 | 23/02/2023 | 23/02/2023 | Libro impreso |
